| 000 | 00985nam a22002531u 4500 | ||
|---|---|---|---|
| 001 | 05660 | ||
| 003 | HDC | ||
| 007 | cr bn --- | ||
| 008 | 210120p2016 xx n 10 eng | ||
| 040 | _aHDC | ||
| 110 | _a2016 6th International Conference on Information and Communication Technology for The Muslim World | ||
| 245 | 2 |
_aA Preliminary Study of Halal Virtual Inspection: A Case of Halal Certification in Malaysia / _cby Mohd Zabiedy Mohd Sulaiman |
|
| 260 |
_a[No place] : _b[publisher not identified], _c2016 |
||
| 300 | _a6 pages | ||
| 336 |
_atext _2rdacontent |
||
| 337 |
_acomputer _2rdamedia |
||
| 338 |
_aonline resource _2rdacarrier |
||
| 650 |
_aHalal food industry _xCertification _zMalaysia _9405 |
||
| 650 |
_aHalal food _950 |
||
| 856 | _zRequest full-text at [email protected] | ||
| 942 | _2lcc | ||
| 942 | _cCONP | ||
| 942 | _kCONF 000004 | ||
| 999 |
_c2984 _d2984 |
||